| 000 | 00571nam a2200193Ia 4500 | ||
|---|---|---|---|
| 005 | 20250326143556.0 | ||
| 008 | 250326s9999 xx 000 0 und d | ||
| 020 | _a0-472-10728-3 | ||
| 037 | _aTextbook | ||
| 040 |
_aFMSL _beng _cFMSL |
||
| 041 |
_aeng _2eng |
||
| 084 |
_aX:74.42 N6 _qFMSL |
||
| 100 |
_aPearce R _915377 |
||
| 245 | 0 |
_aTechiological comptitiveness of Japanese multinationals _cPearce R; Papanastassiou M |
|
| 260 |
_aUSA _bUSA, University of Michigan _c1996 |
||
| 300 | _a106p | ||
| 942 |
_cTB _hX:74.42 N6 |
||
| 999 |
_c1300133 _d1300133 |
||